00441nam a2200169Ia 4500008004100000020001800041245004700059245004800106260001500154260001600169260000900185300001500194300002500209300001000234500000800244999001900252170705s9999 xx 000 0 und d a9780439748698 aIf you lived when women won their rights / cAnne Kamma ; illustrated by Pamela Johnson. aNew York : bScholastic, c2006 a64 pages : bcolor illustration ; c19cm. a750 c336265d336265